000 01476nab a2200301 a 4500
005 20260112104723.0
008 991125c2015 sp qr p o 000 0 spa d
035 _aUPN01000206574
040 _aMX-MxUPN
_bspa
_cMX-MxUPN
_eaacr2
049 _aART-E
100 1 _aCuadros Muñoz, Roberto
100 1 _urcuadros@us.es
245 1 0 _aAprendizaje informal y construcción de PLN vía twitter. Un estudio de caso
506 0 _aAcceso abierto
520 3 _aEste trabajo plantea cómo los seguidores de una cuenta de Twitter de carácter corporativo e interdisciplinar sobre la competencia lectora (@ComprensLectora), construyen sus propias redes personales de aprendizaje (PLN), siguiendo un aprendizaje informal. Comprobamos cómo las listas, retuits y las características particulares de la interacción, dinamizan y flexibilizan dicho aprendizaje, que se expande con blogs, webs y conexiones sociales.
650 4 _aTecnologías de la información y comunicación
_921219
650 4 _aRedes sociales
_915749
653 0 _aTwitter
653 0 _aCompetencia lectora
653 0 _aRetuit
653 0 _aRedes personales de aprendizaje
773 _gNo. 51 (2015), p. 1-18
_tEdutec : revista electrónica de tecnología educativa
_x1135-9250
856 4 _uhttps://www.edutec.es/revista/index.php/edutec-e/article/view/53
856 4 _uhttps://doi.org/10.21556/edutec.2015.51.53
902 _aGloria Jiménez/120126
905 _aArticulo
942 _cART-E
999 _c178675
_d178675